| 000 | 00415nam a22001217a 4500 | ||
|---|---|---|---|
| 082 | _a200 THE | ||
| 100 |
_aWasi Haider Butt _970570 |
||
| 245 | _aTH-SOF-1054-ANALYSIS, EVENT AND GROUP PREDICTION OF TERRORIST NETWORKS USING COMPUTING TECHNIQUES | ||
| 260 |
_aISLAMABAD _bNUST COLLEGE OF EME _c2015 |
||
| 650 |
_aPHD SOFTWARE ENGINEERING-2015 PHD _970571 |
||
| 700 | _aSUPERVISOR Dr. Shoab Ahmed Khan | ||
| 942 | _cCF | ||
| 999 |
_c577540 _d577540 |
||